000 01047nam0a22002891 4500
001 rc\104994
005 20021216133446.9
035 _a(NLR Aleph) 005367079
090 _a6960105
_c6960105
100 _a20021216d1991 u |0rusy50 ca
101 0 _arus
102 _aRU
105 _aa |||||||||
200 1 _aНеповторимые дни
_eСтихи
_fАнатолий Лесных
_g[Худож. В. Фомин]
210 _aОрел
_cПростор
_dБ. г. (1991)
215 _a111 с.
_cил.
_d14
300 _aИзд. на средства авт.
327 1 _aСодерж.: Циклы: Баллада о любви; Признание; Долгожданный рассвет
464 0 _12001#$aБаллада о любви
464 0 _12001#$aПризнание
464 0 _12001#$aДолгожданный рассвет
700 1 _aЛесных
_bА. С.
_f1937-
_gАнатолий Степанович
801 0 _aRU
_bNLR
_gpsbo
801 1 _aRU
_bELAR
_2rusmarc
852 _aNLR
_j92-1/95
942 _cBOOK
980 _aNB